00609nam a2200121Ia 4500008004100000020001800041100002900059245021600088260002800304300001400332999001900346952012200365171205s9999 xx 000 0 und d a9781680954685 aMratinkovic, Aleksandar. cAleksandar Mratinkovic, Dan Piestun, Hazen Shwky Fouda, Felecia Killings, Sandra El Hajj, Fozia Parveen, Igor Krunic, Jovan Peheevski, Tanjina Nur, Stephen Obtained, MichelleaPurchasing & Supply Chain Mnagement b3G E-learning LLCc2017 a236 pages c347441d347441 001040aCLbCLcRESd2017-12-05eLibrary Fundl0oHF 5415.13 .P985 2017pc21082r2017-12-05 00:00:00w2017-12-05yBK